000 00672nam a2200181Ia 4500
008 151202s9999||||xx |||||||||||||| ||und||
082 _bPNVM-76707
100 _aमोडक आनंद
245 _aस्मरणस्वर
260 _b"मनोविकास प्रकाशन,शक्ती टॉवर,६७२ नारायण पेठ,पुणे -४११०३० फोन-०२०६५२६२९५०"
260 _c2015
300 _a200
600 _aमोडक आनंद
630 _aस्मरणस्वर
700 _aमोडक आनंद
730 _aस्मरणस्वर
942 _cBOOK
999 _c1343366
_d1343363